| 000 | 00408nam a2200121Ia 4500 | ||
|---|---|---|---|
| 008 | 170221s9999 xx 000 0 und d | ||
| 245 | _aDo Consumers Recall Products’ Warning Labels? A Meta-Analysis | ||
| 260 | _bInternational Journal of Management and Marketing Reseach | ||
| 260 | _cFebruary 2015 | ||
| 300 | _a4:1 | ||
| 650 | _xMarketing. | ||
| 856 | _uhttp://www.theibfr.com/ARCHIVE/IJMMR-V9N1-2016.pdf | ||
| 999 |
_c310095 _d310095 |
||